| 000 | 00623nam a2200217 a 4500 | ||
|---|---|---|---|
| 005 | 20241114063732.0 | ||
| 008 | 040123s1998 mx r 000 0 spa d | ||
| 020 | _a9684067712 | ||
| 035 | _aUPN01000131516 | ||
| 049 | _aCG | ||
| 050 | 4 |
_aBF698 _bD4.5 |
|
| 100 | 1 | _aDesviat, Manuel | |
| 245 | 1 | 0 |
_aNuestra forma de ser : _blas claves de la personalidad, el carácter y el temperamento / _cManuel Desviat. |
| 260 |
_aMéxico : _bPlaneta, _c1998. |
||
| 300 | _a255 p. | ||
| 440 | 0 |
_aFin de siglo ; _v90 |
|
| 650 | 4 |
_aPersonalidad _97690 |
|
| 650 | 4 |
_aCarácter _96650 |
|
| 650 | 4 |
_aTemperamento _917902 |
|
| 905 | _aLibro | ||
| 999 |
_c103671 _d103671 |
||